[Event "Women's Speed Chess Q7"]
[Site "chess.com INT"]
[Date "2021.06.06"]
[Round "11"]
[White "Szente Varga, Fruzsina"]
[Black "Pourkashiyan, Atousa"]
[Result "0-1"]
[WhiteTitle "WFM"]
[BlackTitle "WGM"]
[WhiteElo "2100"]
[BlackElo "2322"]
[WhiteFideId "712264"]
[BlackFideId "12502014"]
[EventDate "2021.06.06"]

1. e4 c5 2. Nf3 e6 3. b3 Nc6 4. Bb2 d5 5. exd5 exd5 6. Bb5 Nf6 7. Qe2+ Be7 8.
O-O O-O 9. Bxc6 bxc6 10. Ne5 Qd6 11. f4 Bf5 12. d3 Rfe8 13. Nd2 Bf8 14. Rae1 h6
15. Qf2 a5 16. a4 Rab8 17. Ba3 Qc7 18. Bxc5 Ng4 19. Qd4 Nxe5 20. fxe5 Bxc5 21.
Qxc5 Rxe5 22. Rxe5 Qxe5 23. Nf3 Qc7 24. Nd4 Bd7 25. Nf5 Bxf5 26. Rxf5 Qd7 27.
Rf1 Qc7 28. h3 Re8 29. Qf2 Re6 30. Qf4 Qxf4 31. Rxf4 Re1+ 32. Rf1 Re2 33. Rf2
Re3 34. Kf1 Re7 35. Re2 Kf8 36. Rxe7 Kxe7 37. Ke2 c5 38. Ke3 d4+ 39. Ke4 Ke6 40.
g4 g6 41. Kf4 f6 42. h4 f5 43. h5 g5+ 44. Kf3 fxg4+ 45. Kxg4 Ke5 46. Kf3 Kf5 47.
Kg3 g4 48. Kg2 Kg5 49. Kg3 Kxh5 50. Kg2 Kg5 51. Kg3 h5 52. Kg2 h4 53. Kh2 Kf4
54. Kg2 g3 55. Kh3 Kf3 0-1

[Event "Women's Speed Chess Q7"]
[Site "chess.com INT"]
[Date "2021.06.06"]
[Round "11"]
[White "Gevorgyan, Maria"]
[Black "Belenkaya, Dina"]
[Result "1-0"]
[WhiteTitle "WGM"]
[BlackTitle "WGM"]
[WhiteElo "2219"]
[BlackElo "2341"]
[WhiteFideId "13300270"]
[BlackFideId "24142654"]
[EventDate "2021.06.06"]

1. e4 d5 2. exd5 Qxd5 3. Nf3 Bg4 4. Be2 Nc6 5. Nc3 Qd7 6. d4 Bxf3 7. Bxf3 Nxd4
8. Bxb7 Rd8 9. O-O c5 10. Be4 Nf6 11. Bd3 e6 12. Be3 Be7 13. Bxd4 Qxd4 14. Bb5+
Nd7 15. Qf3 a6 16. Rad1 Qf6 17. Rxd7 axb5 18. Rxd8+ Bxd8 19. Qc6+ Kf8 20. Qxc5+
Qe7 21. Qxb5 g6 22. Qe5 f6 23. Qe3 Kg7 24. Re1 e5 25. a3 Ba5 26. b4 Bc7 27. Nd5
Qd6 28. Nxc7 Qxc7 29. Qb3 Rc8 30. Re2 Qd6 31. Re1 Qd2 32. Rf1 Rxc2 33. Qe6 Rc1
34. Qa6 Rc3 35. a4 Rb3 36. b5 Qc2 37. b6 Qc6 38. a5 Ra3 39. h3 Qc3 40. b7 Rb3
41. b8=Q Rxb8 42. Qa7+ Kh6 43. Qxb8 Qxa5 44. Qf8+ Kg5 45. h4+ Kh5 46. f3 Qb6+
47. Kh2 Qd4 48. g4+ Kxh4 49. Qh6# 1-0

[Event "Women's Speed Chess Q7"]
[Site "chess.com INT"]
[Date "2021.06.06"]
[Round "11"]
[White "Priyanka, K"]
[Black "Ziegenfuss, Antonia"]
[Result "1/2-1/2"]
[WhiteTitle "WIM"]
[BlackTitle "WFM"]
[WhiteElo "2218"]
[BlackElo "2157"]
[WhiteFideId "5082986"]
[BlackFideId "12962554"]
[EventDate "2021.06.06"]

1. e4 c5 2. Nf3 e6 3. d4 cxd4 4. Nxd4 Nc6 5. Nc3 Qc7 6. Be3 a6 7. Be2 Nf6 8. O-O
Bb4 9. Na4 Be7 10. Nxc6 bxc6 11. Nb6 Rb8 12. Nxc8 Qxc8 13. e5 Nd5 14. Bd4 c5 15.
Bc3 Nxc3 16. bxc3 O-O 17. Rb1 Rd8 18. Rxb8 Qxb8 19. Bxa6 Qxe5 20. Qf3 d5 21. c4
Bd6 22. g3 d4 23. Bb5 g6 24. a4 Bc7 25. Qd3 Qd6 26. Ra1 Ba5 27. Qe4 Qc7 28. Rd1
Kg7 29. Rd3 Qe7 30. Qc6 e5 31. f3 f5 32. h4 e4 33. fxe4 fxe4 34. Rd1 Rf8 35. Rf1
Rxf1+ 36. Kxf1 Qf6+ 37. Qxf6+ Kxf6 38. Ke2 Kf5 39. Bd7+ Ke5 40. Bc6 Bc3 41. Bd7
h6 42. Be8 g5 43. hxg5 hxg5 44. Bd7 Ba5 45. Bc8 Bb4 46. Bd7 Ba5 47. Bc8 Kd6 48.
Bb7 Ke5 49. Bc8 1/2-1/2

[Event "Women's Speed Chess Q7"]
[Site "chess.com INT"]
[Date "2021.06.06"]
[Round "11"]
[White "Pandey, Srishti"]
[Black "Nanditha, V"]
[Result "1/2-1/2"]
[WhiteTitle "WFM"]
[BlackTitle "WCM"]
[WhiteElo "2026"]
[BlackElo "1666"]
[WhiteFideId "35093290"]
[BlackFideId "46626697"]
[EventDate "2021.06.06"]

1. e4 c6 2. d4 d5 3. exd5 cxd5 4. c4 Nf6 5. Nc3 Nc6 6. Nf3 e6 7. Be3 Be7 8. Be2
dxc4 9. Bxc4 a6 10. O-O b5 11. Bb3 Bb7 12. d5 exd5 13. Nxd5 O-O 14. Nxe7+ Qxe7
15. Qe2 Rfe8 16. Rac1 Ng4 17. Rfe1 Nxe3 18. fxe3 Ne5 19. Nd4 Be4 20. Red1 Qg5
21. Rc5 Rad8 22. Rdc1 Rxd4 23. exd4 Bd3 24. Rxe5 Qxc1+ 25. Qd1 Qxd1+ 26. Bxd1
Rxe5 27. dxe5 Kf8 28. Kf2 Ke7 29. Ke3 Bb1 30. a3 Ke6 31. Kd4 Bg6 32. Bg4+ f5 33.
exf6+ Kxf6 34. Bc8 a5 35. Ba6 b4 36. axb4 axb4 37. g3 Bc2 38. Kc4 b3 39. Kc3 Bd1
40. Bc4 Ke5 41. Bxb3 Bf3 42. Bc2 h5 43. b4 h4 44. b5 hxg3 45. hxg3 Kf6 46. Kd4
Kg5 47. Be4 Bg4 48. b6 Bc8 49. b7 Bxb7 50. Bxb7 Kg4 51. Be4 Kxg3 52. Bg6 Kg4 53.
Ke5 Kg5 54. Bf5 Kh6 55. Bg4 g5 56. Bf5 Kh5 57. Kf6 Kh4 58. Kg6 g4 59. Bxg4 1/2-1/2

[Event "Women's Speed Chess Q7"]
[Site "chess.com INT"]
[Date "2021.06.06"]
[Round "11"]
[White "Bommini, Mounika Akshaya"]
[Black "Zaichenko, Daria"]
[Result "1-0"]
[WhiteTitle "WFM"]
[BlackTitle "WFM"]
[WhiteElo "2029"]
[BlackElo "2104"]
[WhiteFideId "25019872"]
[BlackFideId "4197453"]
[EventDate "2021.06.06"]

1. f4 d5 2. Nf3 c5 3. g3 Nc6 4. Bg2 Nf6 5. d3 e6 6. O-O d4 7. c3 Bd6 8. Qe1 O-O
9. Na3 Be7 10. Nc2 dxc3 11. bxc3 Nd7 12. e4 f5 13. e5 Nb6 14. d4 cxd4 15. Nfxd4
Bc5 16. Be3 Nxd4 17. Bxd4 Bxd4+ 18. Nxd4 Nd5 19. Rd1 Qa5 20. c4 Qxe1 21. Rfxe1
Nb6 22. c5 Na4 23. c6 Rb8 24. c7 Ra8 25. Nb5 Nc5 26. Rd8 Bd7 27. Rxa8 Rxa8 28.
Rd1 a6 29. Rxd7 Nxd7 30. Nd6 Nb6 31. Bxb7 Rf8 32. Kf2 g6 33. Ke3 Kg7 34. Kd4 h6
35. Kc5 Nd7+ 36. Kc6 Nxe5+ 37. fxe5 g5 38. c8=Q Rxc8+ 39. Bxc8 f4 40. gxf4 gxf4
41. Bxe6 f3 42. Bh3 Kg6 43. Bf1 Kg5 44. Kd7 Kf4 45. e6 h5 46. e7 h4 47. e8=Q h3
48. Qf7+ Ke3 49. Bxh3 Kf2 50. Nc4 a5 51. Ne5 Kg1 52. Qxf3 a4 53. Qg2# 1-0

[Event "Women's Speed Chess Q7"]
[Site "chess.com INT"]
[Date "2021.06.06"]
[Round "11"]
[White "Eswaran, Ashritha"]
[Black "Sliwicka, Alicja"]
[Result "1-0"]
[WhiteTitle "WIM"]
[BlackTitle "WIM"]
[WhiteElo "2244"]
[BlackElo "2308"]
[WhiteFideId "2080788"]
[BlackFideId "1150677"]
[EventDate "2021.06.06"]

1. e4 c5 2. Nf3 d6 3. d4 cxd4 4. Nxd4 Nf6 5. Nc3 Bd7 6. Bg5 e6 7. Qd2 a6 8.
O-O-O h6 9. Bxf6 Qxf6 10. f4 Nc6 11. Nf3 Qd8 12. Kb1 Qc7 13. Bd3 O-O-O 14. g4
Kb8 15. h4 Rc8 16. Ne2 Na5 17. g5 Nc4 18. Bxc4 Qxc4 19. Qd3 Be7 20. Ned4 hxg5
21. hxg5 Qxd3 22. cxd3 b5 23. Rdg1 Kb7 24. b3 Rhg8 25. Rh7 Bd8 26. Kb2 Ba5 27.
Rc1 Rxc1 28. Kxc1 Bb6 29. Kd2 a5 30. Ne2 a4 31. Nc3 a3 32. Ne2 b4 33. d4 d5 34.
e5 Bd8 35. Ng3 Be7 36. Nh5 Bf8 37. Kd3 Bb5+ 38. Kd2 Bf1 39. Nh2 Bh3 40. Ke3 Bf5
41. Nf6 Bxh7 42. Nxg8 Bxg8 43. g6 fxg6 44. Nf3 Bf7 45. Ng5 Be8 46. Nxe6 Be7 47.
Nxg7 Bf7 48. e6 Bg8 49. f5 gxf5 50. Nxf5 Bf6 51. e7 Bxe7 52. Nxe7 Be6 53. Kf4
Kc7 54. Ke5 Kd7 55. Nxd5 Bg4 56. Nxb4 Bd1 57. Kd5 Kc7 58. Kc5 Kb7 59. d5 Kc7 60.
d6+ Kd7 61. Kd5 Kd8 62. Kc6 Bf3+ 63. Kc5 Bd1 64. Nc6+ Kd7 65. Nd4 Bg4 66. b4 Bd1
67. b5 Bh5 68. b6 Kc8 69. Kc6 Be8+ 70. Kc5 Bf7 71. Nb5 Bxa2 72. Na7+ Kb7 73. d7
Be6 74. d8=Q a2 75. Qc7+ Ka6 76. Nc6 1-0

[Event "Women's Speed Chess Q7"]
[Site "chess.com INT"]
[Date "2021.06.06"]
[Round "11"]
[White "Luong, Phuong Hanh"]
[Black "Hng, Mei-En Emmanuelle"]
[Result "1-0"]
[WhiteTitle "WIM"]
[BlackTitle "WFM"]
[WhiteElo "2229"]
[BlackElo "2013"]
[WhiteFideId "12401013"]
[BlackFideId "5804566"]
[EventDate "2021.06.06"]

1. d4 Nf6 2. Nf3 e6 3. g3 c5 4. Bg2 cxd4 5. Nxd4 Nc6 6. O-O Bc5 7. Nb3 Be7 8.
Nc3 d5 9. Bf4 O-O 10. Qd2 e5 11. Bg5 d4 12. Bxf6 dxc3 13. Qxd8 Bxd8 14. Bxd8
cxb2 15. Rab1 Rxd8 16. Rxb2 Bd7 17. Nc5 Nd4 18. e3 Ne2+ 19. Kh1 Bc6 20. Bxc6
bxc6 21. Nd3 Nc3 22. Nxe5 c5 23. Rb7 f6 24. Nc6 Rd2 25. Ne7+ Kf7 26. Nf5+ Ke6
27. Nxg7+ Kd5 28. Rd7+ Kc4 29. Rxd2 Ne4 30. Rd7 Rb8 31. Nf5 Rb2 32. Nd6+ Nxd6
33. Rxd6 Rxc2 34. Ra6 Kd3 35. Rxa7 Ke2 36. Kg2 c4 37. Rc7 c3 38. Rb1 Kd3 39.
Rd1+ Ke2 40. Rb1 Kd3 41. a4 Ra2 42. Rd1+ Ke2 43. Rc1 Rxa4 44. R7xc3 f5 45. R1c2+
Kd1 46. Rb2 h5 47. h4 Ra1 48. Rd3+ Kc1 49. Re2 Ra5 50. Kf3 Ra4 51. Rd4 Ra3 52.
Rd5 f4 53. gxf4 1-0

[Event "Women's Speed Chess Q7"]
[Site "chess.com INT"]
[Date "2021.06.06"]
[Round "11"]
[White "Shuvalova, Polina"]
[Black "Antolak, Julia"]
[Result "1-0"]
[WhiteTitle "IM"]
[BlackTitle "WIM"]
[WhiteElo "2489"]
[BlackElo "2309"]
[WhiteFideId "24171760"]
[BlackFideId "1159569"]
[EventDate "2021.06.06"]

1. e4 c5 2. Nf3 e6 3. Nc3 d6 4. d4 cxd4 5. Nxd4 Nf6 6. Be2 Be7 7. O-O a6 8. f4
O-O 9. Kh1 Nc6 10. Be3 Nxd4 11. Bxd4 b5 12. e5 dxe5 13. fxe5 Nd5 14. Nxd5 exd5
15. Bd3 Be6 16. Qh5 g6 17. Qf3 Re8 18. Rae1 Bf8 19. Re3 Rc8 20. c3 Qd7 21. a3
Bg7 22. Qf2 a5 23. b4 axb4 24. axb4 Rc7 25. Rf3 Rec8 26. Qe2 Rb7 27. h3 Qc6 28.
Qf2 Qd7 29. Ra1 Rbc7 30. Qe2 Rb7 31. Ra3 Rcb8 32. Rf1 Qc7 33. Rfa1 h5 34. Ra7
Rxa7 35. Rxa7 Rb7 36. Rxb7 Qxb7 37. Bxb5 Qc7 38. Bd3 Bd7 39. b5 Qa5 40. b6 Bc8
41. Kh2 Bb7 42. Qb2 Bf8 43. Qf2 Bc8 44. Qf6 Qa4 45. Qd8 Qc6 46. Be3 Qe6 47. Bf4
Kg7 48. Bh6+ Kxh6 49. Qxf8+ Kh7 50. Qd6 Qe8 51. Qc7 Qe6 52. Bb5 Kg7 53. Bc6 Qf5
54. e6 1-0

[Event "Women's Speed Chess Q7"]
[Site "chess.com INT"]
[Date "2021.06.06"]
[Round "11"]
[White "Chu, Ruotong"]
[Black "Cori T., Deysi"]
[Result "0-1"]
[WhiteTitle "WIM"]
[BlackTitle "WGM"]
[WhiteElo "2207"]
[BlackElo "2388"]
[WhiteFideId "8605653"]
[BlackFideId "3801934"]
[EventDate "2021.06.06"]

1. d4 g6 2. Nf3 Bg7 3. g3 b6 4. Bg2 Bb7 5. O-O f5 6. c4 Nf6 7. Nc3 O-O 8. d5 e6
9. Nd4 e5 10. Nf3 Qe7 11. e4 fxe4 12. Ng5 Na6 13. Ngxe4 d6 14. Bg5 Qf7 15. a3
Nc5 16. Nxc5 bxc5 17. b4 cxb4 18. axb4 Bc8 19. Re1 Bg4 20. Qc2 Bf5 21. Ne4 Nd7
22. f3 h6 23. Be3 g5 24. g4 Bg6 25. Qb2 Rfb8 26. b5 Rf8 27. Rxa7 Rxa7 28. Bxa7
Bxe4 29. fxe4 Nf6 30. Rf1 Qg6 31. h3 Ra8 32. Be3 Nxe4 33. Qc2 Ra3 34. Bxe4 Qe8
35. Bg6 Qb8 36. Bf7+ Kh8 37. Bd2 Qb6+ 38. Kh1 Rxh3+ 39. Kg2 Rh4 40. Qe4 Qd4 41.
Qxd4 exd4 42. Be6 Be5 43. Be1 Rh2+ 44. Kf3 Rc2 45. Bg3 Rxc4 46. Bxe5+ dxe5 47.
Rh1 d3 48. Rxh6+ Kg7 49. Rh2 e4+ 50. Ke3 Kf6 51. Rf2+ Ke5 52. Rf5+ Kd6 53. Rxg5
Rd4 54. Rg6 d2 55. Bf5+ Kc5 56. Rc6+ Kb4 57. Bxe4 d1=Q 58. Rc4+ Kxc4 0-1

[Event "Women's Speed Chess Q7"]
[Site "chess.com INT"]
[Date "2021.06.06"]
[Round "11"]
[White "Tarasova, Viktoriya"]
[Black "Grineva, Marianna"]
[Result "1/2-1/2"]
[WhiteTitle "WIM"]
[BlackTitle "WFM"]
[WhiteElo "2226"]
[BlackElo "2029"]
[WhiteFideId "4175840"]
[BlackFideId "14102013"]
[EventDate "2021.06.06"]

1. d4 d6 2. c4 Nf6 3. Nc3 g6 4. e4 Bg7 5. h3 Nbd7 6. Be3 O-O 7. Nf3 e5 8. d5 a6
9. Nd2 b5 10. cxb5 axb5 11. Bxb5 Ba6 12. Bxa6 Rxa6 13. O-O Qb8 14. b3 Qa8 15.
Qc2 Rb8 16. Nc4 Nh5 17. g3 Rf8 18. a4 f5 19. exf5 gxf5 20. Qe2 Qe8 21. Nb5 f4
22. Bd2 Qg6 23. Qg4 e4 24. Qxg6 hxg6 25. Rae1 fxg3 26. Nxc7 Ra7 27. Ne6 gxf2+
28. Rxf2 Rxf2 29. Kxf2 Bf6 30. Rxe4 Ne5 31. Nxe5 Bxe5 32. Rc4 Rf7+ 33. Kg2 Kh7
34. Rc7 Rxc7 35. Nxc7 Bd4 36. Ne6 Bb6 37. Kf3 Ba7 38. a5 Nf6 39. b4 Nxd5 40. b5
Kg8 41. b6 Nxb6 42. axb6 Bxb6 43. Be3 Ba5 44. Nf4 Be1 45. Ke4 Kf7 46. Nd5 Kg7
47. Bd4+ Kf7 48. Kf3 Bh4 49. Ke4 Bd8 50. Ne3 Ke6 51. Nd5 Kf7 52. Nf4 g5 53. Nd3
Kg6 54. Kd5 Kh5 55. Kxd6 Kh4 56. Bf2+ Kxh3 57. Kd5 g4 58. Ke4 Bh4 59. Be3 g3 60.
Nf4+ Kg4 61. Ng2 Bg5 62. Bg1 Bc1 63. Bd4 Ba3 64. Bg1 Kh3 65. Nf4+ Kg4 66. Ng2
Bd6 67. Kd3 Kh3 68. Ne3 g2 69. Nxg2 Kxg2 1/2-1/2

[Event "Women's Speed Chess Q7"]
[Site "chess.com INT"]
[Date "2021.06.06"]
[Round "11"]
[White "Grigoryan, Meri"]
[Black "Varshini, V"]
[Result "0-1"]
[WhiteTitle "WFM"]
[BlackTitle "WGM"]
[WhiteElo "2044"]
[BlackElo "2226"]
[WhiteFideId "13300571"]
[BlackFideId "5091241"]
[EventDate "2021.06.06"]

1. d4 d5 2. c4 e6 3. cxd5 exd5 4. Nc3 Nf6 5. Nf3 Be7 6. Bf4 O-O 7. e3 b6 8. h3
Bb7 9. Rc1 c5 10. dxc5 bxc5 11. Bd3 Nbd7 12. Bb1 a6 13. O-O Rc8 14. Ne5 Re8 15.
Nxd7 Qxd7 16. Qd3 Qc6 17. f3 g6 18. Rfd1 Bf8 19. Bg5 Bg7 20. Bxf6 Bxf6 21. b3
Bxc3 22. Qxc3 Qe6 23. Re1 Qe5 24. Qd3 Kg7 25. f4 Qf6 26. Rf1 d4 27. exd4 cxd4
28. f5 g5 29. Rce1 h6 30. Rxe8 Rxe8 31. a3 Be4 32. Qc4 Bxb1 33. Rxb1 Qxf5 34.
Qxd4+ Qf6 35. Qxf6+ Kxf6 36. Rc1 Re6 37. Rc3 Rb6 38. Kh2 Ke5 39. Kg3 f5 40. Kf3
Kd4 41. Re3 Rc6 42. b4 Rc3 43. Rxc3 Kxc3 44. g4 f4 45. h4 Kb3 46. hxg5 hxg5 47.
Ke4 Kxa3 48. Kf5 Kxb4 49. Kxg5 f3 50. Kh6 f2 51. g5 f1=Q 52. g6 Qg2 53. g7 a5
54. Kh7 a4 55. g8=Q Qxg8+ 56. Kxg8 a3 57. Kf7 a2 58. Ke6 a1=Q 59. Kd5 Qc3 60.
Kd6 Qc4 61. Ke5 Qd3 62. Kf4 Kc5 63. Ke5 Kc6 64. Ke6 Qd4 65. Ke7 Qd6+ 66. Kf7 Qe5
67. Kf8 Kd6 68. Kg8 Qe7 69. Kh8 Ke6 70. Kg8 Kf6 71. Kh8 Qg7# 0-1

[Event "Women's Speed Chess Q7"]
[Site "chess.com INT"]
[Date "2021.06.06"]
[Round "11"]
[White "Mkrtchian, Lilit"]
[Black "Mendoza, Shania Mae"]
[Result "1-0"]
[WhiteTitle "IM"]
[BlackTitle "WFM"]
[WhiteElo "2388"]
[BlackElo "2158"]
[WhiteFideId "13300601"]
[BlackFideId "5211158"]
[EventDate "2021.06.06"]

1. e4 e5 2. Nf3 Nc6 3. Bb5 Nf6 4. d3 d6 5. O-O Be7 6. c3 O-O 7. Re1 Nb8 8. Nbd2
a6 9. Ba4 b5 10. Bc2 Nbd7 11. Nf1 c5 12. Ng3 g6 13. d4 Re8 14. h3 Bf8 15. Bg5
Bg7 16. Qd2 Qc7 17. a4 Bb7 18. d5 Nb6 19. b3 c4 20. a5 Nbd7 21. b4 Kh8 22. Nh2
Ng8 23. Be3 Rf8 24. Rf1 Ndf6 25. f4 Ne7 26. fxe5 Ne8 27. exd6 Qxd6 28. Bc5 Qxg3
29. Bxe7 Bxc3 30. Qc1 Bd4+ 31. Kh1 Nd6 32. Bxf8 Rxf8 33. Rf3 Qe5 34. Ng4 Qg7 35.
Raa3 c3 36. Qf1 Nc4 37. Ra1 Nd2 38. Qd3 Nxf3 39. Qxf3 h5 40. Nf2 Re8 41. Nd3 Bc8
42. Re1 f5 43. e5 Bxe5 44. Qe2 Bd7 45. Nxe5 Kh7 46. Qe3 Re7 47. Qxc3 Be8 48. Re2
f4 49. Qe1 f3 50. Nxf3 Rxe2 51. Qxe2 Bf7 52. d6 Qa1+ 53. Kh2 Qc3 54. d7 Qc7+ 55.
Ne5 Kg7 56. Kh1 Be6 57. Bd3 Bxd7 58. Qe4 Bf5 59. Qd4 Qc1+ 60. Kh2 Bxd3 61. Nxd3+
Kh6 62. Nxc1 h4 63. Nd3 Kg5 64. Qg4+ Kh6 65. Qxh4+ Kg7 66. Qe7+ Kh6 67. Nf4 g5
68. Qf6+ Kh7 69. Qg6+ Kh8 70. Qxg5 Kh7 71. Ne6 Kh8 72. Qg7# 1-0

[Event "Women's Speed Chess Q7"]
[Site "chess.com INT"]
[Date "2021.06.06"]
[Round "11"]
[White "Bivol, Alina"]
[Black "Sviridova, Vlada"]
[Result "0-1"]
[WhiteTitle "WGM"]
[BlackTitle "WFM"]
[WhiteElo "2374"]
[BlackElo "2144"]
[WhiteFideId "4100123"]
[BlackFideId "24109606"]
[EventDate "2021.06.06"]

1. e4 e6 2. d4 d5 3. exd5 exd5 4. Nf3 Bd6 5. Bd3 Ne7 6. O-O Nbc6 7. c4 dxc4 8.
Bxc4 O-O 9. Nc3 Bg4 10. h3 Bh5 11. g4 Bg6 12. Re1 a6 13. Bg5 Kh8 14. Ne5 f6 15.
Nxc6 Nxc6 16. Be3 Qd7 17. Bd3 Bxd3 18. Qxd3 Rad8 19. Qf5 Qxf5 20. gxf5 Ne7 21.
Rac1 Nxf5 22. Ne4 Nxe3 23. fxe3 c6 24. a3 h6 25. Kg2 f5 26. Nd2 Rf6 27. Nf3 g5
28. e4 fxe4 29. Rxe4 Rdf8 30. Rc3 Kg7 31. b4 Kg6 32. Rce3 Bf4 33. Rd3 Bb8 34.
Ne5+ Bxe5 35. dxe5 Re6 36. Rd7 Rf7 37. Rd8 Kf5 38. Re1 Kg6 39. Rd6 Re7 40. Red1
Kf5 41. Rd8 Rxe5 42. Rf1+ Kg6 43. Rg8+ Kh5 44. Rgf8 Re2+ 45. Kg1 R7e3 46. R8f7
Rg3+ 47. Kh1 Rxh3+ 48. Kg1 Rxa3 49. Rxb7 Raa2 50. Rd1 Rg2+ 51. Kf1 Raf2+ 52. Ke1
Rb2 53. Kf1 Rh2 54. Kg1 Rbg2+ 55. Kf1 Rh1+ 56. Kxg2 Rxd1 57. Rb6 Rb1 58. Rxa6
Rxb4 59. Rxc6 Rb3 60. Rc4 g4 61. Rc6 Kg5 62. Rc5+ Kh4 63. Rc1 h5 64. Rh1+ Kg5
65. Rc1 Rb2+ 66. Kg1 Kh4 67. Rc3 g3 68. Rc5 Kg4 69. Rc8 h4 70. Rh8 Rb1+ 71. Kg2
h3+ 72. Rxh3 Rb2+ 73. Kh1 Kxh3 0-1

[Event "Women's Speed Chess Q7"]
[Site "chess.com INT"]
[Date "2021.06.06"]
[Round "11"]
[White "Zhuravleva, Olga"]
[Black "Garifullina, Leya"]
[Result "0-1"]
[WhiteTitle "WIM"]
[BlackTitle "WGM"]
[WhiteElo "2278"]
[BlackElo "2399"]
[WhiteFideId "4145933"]
[BlackFideId "34127035"]
[EventDate "2021.06.06"]

1. e4 c5 2. Nf3 d6 3. d4 cxd4 4. Nxd4 Nf6 5. Nc3 a6 6. Bd3 g6 7. O-O Bg7 8. Nb3
O-O 9. Re1 Nc6 10. Bf1 b5 11. Bg5 Bb7 12. Nd5 Re8 13. Bxf6 exf6 14. c3 Ne7 15.
Nxe7+ Qxe7 16. f3 Rad8 17. Nd4 Qc7 18. Kh1 Re5 19. Bd3 Rde8 20. Qd2 Qe7 21. f4
Rc5 22. Nb3 Rc7 23. a4 bxa4 24. Rxa4 f5 25. e5 dxe5 26. fxe5 Rd7 27. Rd4 Bxe5
28. Rxd7 Qxd7 29. Qc2 Qc7 30. h3 Re7 31. Nd4 Kg7 32. Nf3 Bf6 33. Rxe7 Qxe7 34.
Qf2 Qc7 35. Qe3 Bxf3 36. Qxf3 Qb6 37. Qe2 a5 38. Bc4 Qc7 39. Bb3 Be5 40. Qc4 Qb8
41. Qxf7+ Kh6 42. Qc4 Bg3 43. Qd5 Qe8 44. Qd2+ f4 45. Bd1 Qe5 46. Be2 Qc5 47. c4
Qf2 48. Qd1 Kg7 49. b3 Bh4 50. Qd7+ Kh6 51. Qd1 Bg3 52. Qd3 Qe1+ 53. Bf1 Qb4 54.
Qf3 Qe1 55. Qe2 Qc1 56. Qd3 Bf2 57. Qe2 Be3 58. Qd3 Qe1 59. Qe2 Qc3 60. Qd3 Qe5
61. Qe2 Qg5 62. Qd3 Qg3 63. Qe2 Bc5 64. Qf3 Qg5 65. Qe4 Qg3 66. Qf3 Qxf3 67.
gxf3 Kg5 68. Kg2 Kf6 69. Bd3 Ke5 70. Kf1 Kd4 71. Ke2 Kc3 72. Be4 Kxb3 73. Bd5
Kc3 74. Kd1 a4 75. Kc1 a3 76. Kb1 Kd4 77. Ka2 Ke3 78. Kb3 Kf2 79. Bg8 Kxf3 80.
Bxh7 g5 81. Bf5 Kg3 82. Bg4 f3 83. Be6 f2 84. Bg4 f1=Q 85. h4 Qf4 86. hxg5 Qxg4
87. g6 Qxg6 88. Ka4 Qd3 89. Kb5 Qd4 90. Kc6 a2 91. Kb5 a1=Q 92. Kc6 Qa6+ 93. Kc7
Qdd6# 0-1

[Event "Women's Speed Chess Q7"]
[Site "chess.com INT"]
[Date "2021.06.06"]
[Round "12"]
[White "Tania, Sachdev"]
[Black "Bivol, Alina"]
[Result "1-0"]
[WhiteTitle "IM"]
[BlackTitle "WGM"]
[WhiteElo "2392"]
[BlackElo "2374"]
[WhiteFideId "5007844"]
[BlackFideId "4100123"]
[EventDate "2021.06.06"]

1. d4 Nf6 2. c4 g6 3. Nc3 d5 4. Bg5 Ne4 5. Bh4 c5 6. e3 Bg7 7. Nxe4 dxe4 8. Ne2
Nc6 9. d5 Ne5 10. Nc3 Qa5 11. Qd2 Nd3+ 12. Bxd3 exd3 13. O-O Bf5 14. e4 Bxc3 15.
bxc3 Bxe4 16. Rfe1 Bf5 17. Rxe7+ Kf8 18. Qh6+ Kg8 19. Bf6 1-0

[Event "Women's Speed Chess Q7"]
[Site "chess.com INT"]
[Date "2021.06.06"]
[Round "12"]
[White "Padmini, Rout"]
[Black "Kotepalli, Sai Nirupama"]
[Result "1-0"]
[WhiteTitle "IM"]
[BlackTitle "WFM"]
[WhiteElo "2370"]
[BlackElo "1914"]
[WhiteFideId "5029295"]
[BlackFideId "5039444"]
[EventDate "2021.06.06"]

1. e4 c5 2. Nf3 e6 3. d4 cxd4 4. Nxd4 Nf6 5. Nc3 Nc6 6. Ndb5 Bb4 7. a3 Bxc3+ 8.
Nxc3 d5 9. exd5 exd5 10. Bd3 d4 11. Ne2 O-O 12. O-O Qd5 13. Nf4 Qd6 14. Re1 h6
15. Bd2 Nd5 16. Qf3 Nf6 17. Nh5 Nxh5 18. Qxh5 Bd7 19. Re2 Rae8 20. Rae1 Rxe2 21.
Rxe2 Re8 22. Rxe8+ Bxe8 23. h3 Bd7 24. Qh4 Ne5 25. Qd8+ Qf8 26. Bh7+ 1-0

[Event "Women's Speed Chess Q7"]
[Site "chess.com INT"]
[Date "2021.06.06"]
[Round "12"]
[White "Eswaran, Aksithi"]
[Black "Pandey, Srishti"]
[Result "0-1"]
[WhiteTitle "WCM"]
[BlackTitle "WFM"]
[WhiteElo "1745"]
[BlackElo "2026"]
[WhiteFideId "2083485"]
[BlackFideId "35093290"]
[EventDate "2021.06.06"]

1. e4 e6 2. d4 d5 3. e5 c5 4. c3 Qb6 5. Nf3 Bd7 6. Be2 Bb5 7. O-O Bxe2 8. Qxe2
Qa6 9. Qd1 Nd7 10. Na3 Ne7 11. Nc2 Nf5 12. g4 Ne7 13. h3 h5 14. Kg2 O-O-O 15.
Bg5 f6 16. exf6 gxf6 17. Bh4 Ng6 18. Bg3 Bd6 19. Ne3 Rdg8 20. dxc5 Nxc5 21. b4
Ne4 22. Bxd6 Qxd6 23. Kh1 hxg4 24. Nxg4 Rxh3+ 25. Kg2 Nf4+ 26. Kg1 Rxg4# 0-1

[Event "Women's Speed Chess Q7"]
[Site "chess.com INT"]
[Date "2021.06.06"]
[Round "12"]
[White "Ortiz Verdezoto, Anahi"]
[Black "Nandhidhaa, P V"]
[Result "1-0"]
[WhiteTitle "WIM"]
[BlackTitle "WGM"]
[WhiteElo "2013"]
[BlackElo "2365"]
[WhiteFideId "3614581"]
[BlackFideId "5050847"]
[EventDate "2021.06.06"]

1. e4 c5 2. c3 Nf6 3. e5 Nd5 4. d4 cxd4 5. Nf3 e6 6. cxd4 Nc6 7. Bc4 d6 8. O-O
Be7 9. Nc3 Nxc3 10. bxc3 dxe5 11. d5 exd5 12. Bxd5 O-O 13. Re1 Qc7 14. Bxc6 bxc6
15. Nxe5 Bd6 16. Bf4 f6 17. Qb3+ Kh8 18. Nf7+ Rxf7 19. Bxd6 Qxd6 20. Qxf7 Bd7
21. Rad1 1-0

[Event "Women's Speed Chess Q7"]
[Site "chess.com INT"]
[Date "2021.06.06"]
[Round "12"]
[White "Gunina, Valentina"]
[Black "Pham, Le Thao Nguyen"]
[Result "1-0"]
[WhiteTitle "GM"]
[BlackTitle "IM"]
[WhiteElo "2436"]
[BlackElo "2369"]
[WhiteFideId "4167570"]
[BlackFideId "12401226"]
[EventDate "2021.06.06"]

1. d4 d5 2. c4 c6 3. Nf3 Nf6 4. e3 Bg4 5. Be2 e6 6. O-O Nbd7 7. b3 Bd6 8. Bb2
Qb8 9. Nbd2 O-O 10. h3 Bh5 11. Ne1 Bxe2 12. Qxe2 e5 13. cxd5 Nxd5 14. Nc4 Bc7
15. Nf3 exd4 16. Nxd4 Ne5 17. Nf5 f6 18. Rad1 Re8 19. f4 Nxc4 20. bxc4 Ne7 21.
Nd4 Bb6 22. c5 Bc7 23. Qg4 Kh8 24. Ne6 Rg8 25. Rd7 Nd5 26. Rf3 Ba5 27. Rxg7 Qe8
28. e4 Nc7 29. Rxh7+ 1-0

[Event "Women's Speed Chess Q7"]
[Site "chess.com INT"]
[Date "2021.06.06"]
[Round "12"]
[White "Pourkashiyan, Atousa"]
[Black "Morris-Suzuki, Sophie"]
[Result "0-1"]
[WhiteTitle "WGM"]
[BlackTitle "WFM"]
[WhiteElo "2322"]
[BlackElo "2043"]
[WhiteFideId "12502014"]
[BlackFideId "30922615"]
[EventDate "2021.06.06"]

1. e4 c5 2. Nf3 e6 3. d4 cxd4 4. Nxd4 a6 5. Nc3 Qc7 6. Be2 Nf6 7. O-O Nc6 8. Be3
Bb4 9. Na4 O-O 10. c4 Be7 11. Nc3 d6 12. Rc1 Bd7 13. Nd5 Qd8 14. Nxe7+ Qxe7 15.
f3 Rac8 16. Qd2 Rfe8 17. Rfd1 Red8 18. Bg5 Be8 19. Nb3 b6 20. Kh1 Ne5 21. Qe3
Ned7 22. Nd4 h6 23. Bh4 Ne5 24. b3 Ng6 25. Bg3 Nh5 26. Nc2 Nxg3+ 27. hxg3 Rb8
28. Qd2 Qf6 29. Ne3 h5 30. Nf1 h4 31. gxh4 Qxh4+ 32. Kg1 Nf4 33. Qe3 Qg5 34. Kh1
Qxg2# 0-1